|
|
|
|
| LEADER |
00000nam#a2200000#a#4500 |
| 001 |
007742 |
| 005 |
20160721144426.0 |
| 008 |
011102s1954####ag##################spa#d |
| 040 |
|
|
|a AR-beUNQ
|
| 099 |
|
|
|a 08-F7
|
| 100 |
1 |
|
|a Fragueiro, Mariano
|
| 245 |
0 |
2 |
|a Organización del crédito
|c Mariano Fragueiro, Ricardo M. Ortíz.
|
| 260 |
|
|
|a Buenos Aires :
|b Raigal,
|c 1954
|
| 300 |
|
|
|a 253 p
|
| 650 |
|
7 |
|a CREDITO
|2 Spines
|
| 650 |
|
7 |
|a PROPIEDAD
|2 Spines
|
| 650 |
|
7 |
|a EMPRESTITOS PUBLICOS
|2 Spines
|
| 650 |
|
7 |
|a SISTEMAS DE CREDITO
|2 Spines
|
| 700 |
1 |
|
|a Ortíz, Ricardo M
|
| 929 |
|
|
|a COMPRA
|b Martha Blanco de Dieguez
|d 8,00E
|e 20011101
|f patrimonio
|j 30569
|
| 942 |
|
|
|c LIB
|n 0
|
| 999 |
|
|
|c 10311
|d 85698
|